| 000 | 02408nam a22001817a 4500 | ||
|---|---|---|---|
| 999 |
_c10152 _d10152 |
||
| 008 | 180803b ||||| |||| 00| 0 eng d | ||
| 082 |
_22018 _aUT 1022 _bV71 |
||
| 100 |
_929965 _aVillarba, Marianne May G. |
||
| 245 |
_aComparative analysis of umdc btte students performance in let from the year 2015- 2017: _bbasis for enhancement program/ _cMarianne May G. Villarba, Princess Pinky Q. Pesawis and Cheryl D. Sabidor. |
||
| 260 |
_aDigos City: _bUMDC _cApril 2018. |
||
| 300 |
_a40 pages; _b30 cm. |
||
| 520 | _aVillarba, M.M., Pesawis, P.P., & Sabidor, C. (April 2018). Comparative Analysis of UMDC BTEE Students Performance in LET from the Year 2015-2017: Basis for Enhancement Program. Digos City: University of Mindanao. This study was conducted to analyze the students’ performance of the Bachelor of Technical Teacher Education (BTTE) 2015-2017 graduates of the University of Mindanao Digos College (UMDC). It determined the students’ performance in three subject components such as General, Professional, and Specialization and performance along the components of the Licensure Examination for Teacher (LET). A teacher education graduate must have a valid professional license to be employed as teacher. A descriptive-correlational research design was used to study the direction and magnitude of the relationship between the variable involved in the study. The research subject was the LET examinee of University of Mindanao Digos College from the 2015-2017, Board rating were asked from the registrar. The researchers used mean, frequently and percentages in describing the students’ performance to the LET ratings. To improve LET performance syllabi and review materials should be updated according to the CHED memorandum order and should conformed to the National Competency-Based Teacher Standards (NCBTS) and Professional Regulation Commission, as it should intensify their admission and retention policies, they should screen upcoming graduates through a valid Teaching Aptitude Test, conduct review classes, attendance to training, seminar-workshops/conferences should be encouraged, and workloads should be regulated. Keywords: LET Rating, Enhancement Program Locator: UT 1022/V71/2018 | ||
| 650 | 0 |
_929966 _aEducation. |
|
| 700 |
_929967 _aVillarba, Marianne May G. |
||
| 700 |
_929968 _aPesawis, Princess Pinky Q. |
||
| 700 |
_929969 _aSabidor, Cheryl D. |
||
| 942 |
_2ddc _cUT |
||